Movies Quiz

Random Movies or Director Quiz

Begins and Ends: Spielberg Movies Quiz Stats

 Plays Quiz Updated Jun 17, 2019

Score 0/20 Timer 03:00
0 Plays Today
Begins and Ends Movie % Correct
C _ _ _ H    M E    I F    Y _ U    C _ NCatch Me If You Can
95.6%
W _ R    O F    T _ E    W _ _ _ _ SWar of the Worlds
93.1%
J _ _ _ _ _ _ C    P _ _ KJurassic Park
89.8%
W _ R    H _ _ _ EWar Horse
87.8%
R _ _ _ _ _ S    O F    T _ E    L _ _ T    A _ KRaiders of the Lost Ark
86.3%
J _ _ SJaws
86.1%
H _ _ KHook
79.8%
E _ _ _ _ E    O F    T _ E    S _ NEmpire of the Sun
64.9%
T _ E    C _ _ _ R    P _ _ _ _ EThe Color Purple
63.8%
S _ _ _ _ _ _ _ _ S    L _ _ TSchindler's List
61%
Begins and Ends Movie % Correct
S _ _ _ _ G    P _ _ _ _ _ E    R _ _ NSaving Private Ryan
58.9%
T _ E    B _ GThe BFG
58.3%
R _ _ _ Y    P _ _ _ _ R    O _ EReady Player One
50.9%
T _ E    T _ _ _ _ _ _ LThe Terminal
42.8%
T _ E    P _ _ TThe Post
42.7%
A _ _ _ _ _ DAmistad
39.7%
L _ _ _ _ _ NLincoln
39%
B _ _ _ _ E    O F    S _ _ _ SBridge of Spies
35.9%
M _ _ _ _ _ _ Y    R _ _ _ _ TMinority Report
34.8%
M _ _ _ _ HMunich
31.7%

You're not logged in!

Compare scores with friends on all Sporcle quizzes.
OR
Log In

Sporcle TV

Today on Sporcle TV


Watch our educational content, quiz creation guides, and fun videos on Sporcle TV.

Show Comments

Extras

Top Quizzes Today


Score Distribution

Your Account Isn't Verified!

In order to create a playlist on Sporcle, you need to verify the email address you used during registration. Go to your Sporcle Settings to finish the process.

Report this User

Report this user for behavior that violates our Community Guidelines.

Details: